| Поле | Инд. | ПП | Название | Значение |
|---|---|---|---|---|
| Тип записи | a | |||
| Библиографический уровень | m | |||
| 001 | Контрольный номер | f2ba74c910a947ea862446955bb32923 | ||
| 005 | Дата корректировки | 20240226123706.3 | ||
| 008 | Кодируемые данные | 240220|||||||||ch |||||||||||||||||eng|| | ||
| 020 | a | ISBN | 978-3-030-28403-9 | |
| 041 | 0_ | a | Код языка текста | eng |
| 084 | a | Индекс другой классификации/Индекс ББК | 65.049(2Рос)+26.89(88) | |
| 090 | a | Полочн. индекс | 65.04 | |
| x | Авторский знак | A 74 | ||
| 203 | a | Вид содержания | Текст | |
| c | Тип средства | непосредственное | ||
| 245 | 10 | a | Заглавие | Arctic Marine Sustainability |
| b | Продолж. заглавия | Arctic Marine Businesses and the Resilience of the Marine Environment | ||
| c | Ответственность | editors: E. Pogracz, V. Pavlov, N. Hanninen | ||
| 260 | a | Место издания | [Switzerland] | |
| b | Издательство | Springer | ||
| c | Дата издания | 2020 | ||
| 300 | a | Объем | 489 p. | |
| b | Иллюстрации/ тип воспроизводства | il. | ||
| 440 | _0 | a | Серия | Springer Polar Sciences |
| 500 | a | Примечание | пер. загл.: Морская устойчивость Арктики Морской бизнес в Арктике и устойчивость морской среды: Морской бизнес в Арктике и устойчивость морской среды | |
| 520 | 0_ | a | Аннотация | В этой книге представлены новейшие научные взгляды на конфликты в использовании ресурсов в арктических морях. Основными направлениями внимания являются биологические ресурсы арктических морей и эксплуатация ресурсов нефти и газа, а также конфликты между ними. Кроме того, изменение климата представлено как фактор стресса, который одновременно ограничивает и облегчает экономическую доступность ресурсов в Арктике. Книга разделена на пять частей. В части 1 рассматриваются арктические экосистемы, устойчивость морской среды и возможные конфликты между промышленным сектором и биологическим миром. Основное внимание во 2 части уделяется транспортной инфраструктуре северных маршрутов. Рассмотрены такие вопросы, как морские операции в Арктике, черный углерод и беспилотные летательные аппараты. Часть 3 посвящена конфликтам, связанным с использованием ресурсов в арктических морях, а также новейшим угрозам, связанным с разведкой арктической нефти и газа, морскими логистическими операциями, а также транспортировкой нефти и нефтепродуктов. Обсуждения в Части 4 книги сосредоточены вокруг социальных аспектов и участия местных сообществ. Развитие туризма, сохранение культуры коренных народов, вовлечение сообществ в решение актуальных арктических проблем, поиск и спасение в холодной морской среде — вот примеры поднятых вопросов. В книге рассматриваются специфичные для Арктики правила нефтегазовой деятельности, состояние готовности к аварийным разливам нефти в регионе, а также новейшие разработки в области технологий реагирования на разливы нефти и их ограничения. Рассматриваются поисково-спасательные операции и то, как работа в суровых арктических условиях влияет на способность спасателей применять необходимые технические навыки. В Части 5 рассматриваются проблемы устойчивого развития, возникающие в результате эксплуатации морских ресурсов. Основное внимание уделяется уязвимости арктических экосистем к нарушениям – как природным, так и антропогенным |
| 650 | 04 | a | Основная рубрика | Арктика-Освоение |
| 651 | _4 | a | Географическое наименование | Арктика |
| 653 | 0_ | a | Ключевые слова | Экосистема Арктики |
| a | Ключевые слова | Загрязнение морской среды | ||
| a | Ключевые слова | Загрязнение нефтепродуктами воды | ||
| a | Ключевые слова | Актуальные проблемы Арктики | ||
| a | Ключевые слова | Арктические морские месторождения | ||
| a | Ключевые слова | Биоресурсы Арктики | ||
| a | Ключевые слова | Исследования арктические | ||
| a | Ключевые слова | Природные ресурсы Арктики | ||
| a | Ключевые слова | Морские операции Арктики | ||
| a | Ключевые слова | Транспортировка нефти | ||
| a | Ключевые слова | Транспортировка газа | ||
| a | Ключевые слова | Устойчивое развитие Арктики | ||
| a | Ключевые слова | Экология Арктики | ||
| 700 | 12 | a | Другие авторы | Pavlov V. |
| e | Роль лиц | Редактор | ||
| 900 | a | Имя макрообъекта | Arctic marine | |
| 901 | t | Тип документа | m |